| 000 | 00636nam a2200241Ia 4500 | ||
|---|---|---|---|
| 003 | OSt | ||
| 005 | 20221007074124.0 | ||
| 006 | a|||||r|||| 00| 0 | ||
| 007 | ta | ||
| 008 | 221006b |||||||| |||| 00| 0 eng d | ||
| 024 | _a21,380 | ||
| 037 | _cTextual | ||
| 040 |
_aFLL _cFLL _beng |
||
| 041 |
_2eng _aeng |
||
| 082 | _aZ2:12, K9;1 | ||
| 100 |
_aSubbarao G. C. Venkata _9153942 |
||
| 245 | 0 | _aFamily law in India | |
| 250 | _a2nd | ||
| 260 |
_aMadras _bC. Subbiah Chetty & Co. India _c1975 |
||
| 300 |
_axv, 411p _ccm. |
||
| 942 |
_hZ2:12, K9;1 _cTEXL _2CC |
||
| 999 |
_c1151231 _d1151231 |
||